00901cam a2200253 a 450000100060000000300080000600500170001400800420003102000150007303500190008804000460010704100080015308200180016110000190017924500440019826000480024230000230029050000650031350000720037850601040045055000620055465000140061670000170063033388BD-RjUL20211209052011.0140507t1980 us qx pss 0 0eng u a0819110116 a(BD-RjUL)33479 aF#AcF#AdOCLCQdOCLCSdBOSdBD-RjULbeng aeng04a301bSIS 19801 aSinger, Lester10aSociology :bA student's introduction / aAmerica :bAmerica University Press,cc1980 ax 337 p. ;c24 cm. aTitle from journal information screen (viewed Nov. 8, 2005). aMade available by: Cambridge journals online and Sage Publications. aAccess available through IP addresses on the Boston University campus; proxy access also available. aOfficial journal of the British Sociological Association. 0aSociology1 aFuhr, Morton